[Event "II Torneo Hotel Astoria A"]
[Site "Riva del Garda ITA"]
[Date "2004.12.26"]
[Round "1"]
[White "Bengsch, Bertram"]
[Black "Pantaleoni, Claudio"]
[Result "1-0"]
[WhiteElo "2054"]
[BlackElo "2220"]
[PlyCount "113"]
[EventDate "2004.12.26"]

1. e4 e6 2. d4 d5 3. Nc3 Bb4 4. a3 Bxc3+ 5. bxc3 Ne7 6. Qg4 O-O 7. e5 f5 8. Qg3
b6 9. h4 Ba6 10. Bxa6 Nxa6 11. Nh3 Qd7 12. h5 Kh8 13. Nf4 Rf7 14. Ng6+ Kg8 15.
Bg5 Nb8 16. Nxe7+ Rxe7 17. Bxe7 Qxe7 18. Qh4 Qxh4 19. Rxh4 Nc6 20. Ke2 Rf8 21.
Rg1 Na5 22. g4 f4 23. g5 Nc4 24. Ra1 f3+ 25. Ke1 Rf5 26. Rg4 Kf8 27. a4 Ke7 28.
Kd1 a5 29. Ke1 Kd7 30. Rd1 Kc6 31. Kf1 h6 32. gxh6 gxh6 33. Rh4 Nb2 34. Ra1 Kb7
35. Rh3 Ka6 36. Kg1 Rf4 37. Kh1 c5 38. dxc5 bxc5 39. Rg1 Nxa4 40. Rg6 Kb5 41.
Rxh6 Nxc3 42. Rf6 Rg4 43. h6 Ne4 44. Rfxf3 Rg8 45. h7 Rh8 46. Rh5 a4 47. Rf7
Kb6 48. Rg7 a3 49. Rg8 a2 50. Rxh8 a1=Q+ 51. Kg2 Qd1 52. Rh4 Ng5 53. Rb8+ Kc7
54. h8=Q Qf3+ 55. Kg1 Qd1+ 56. Kh2 Nf3+ 57. Kg3 1-0

[Event "II Torneo Hotel Astoria A"]
[Site "Riva del Garda ITA"]
[Date "2004.12.26"]
[Round "1"]
[White "Braghetta, Sergio"]
[Black "Englisch, Dieter"]
[Result "1/2-1/2"]
[WhiteElo "2268"]
[BlackElo "2065"]
[PlyCount "115"]
[EventDate "2004.12.26"]

1. e4 d6 2. d4 Nf6 3. Nc3 g6 4. Be3 Bg7 5. f3 c6 6. Qd2 Qa5 7. Nge2 Na6 8. Nc1
Be6 9. Be2 c5 10. Bb5+ Bd7 11. Nb3 Qc7 12. Bxa6 cxd4 13. Bxd4 bxa6 14. Nd5 Qb8
15. Nxf6+ Bxf6 16. Bxf6 exf6 17. O-O-O Ke7 18. Rhe1 Qc7 19. Re3 Be6 20. f4 Rab8
21. f5 Bxb3 22. axb3 Rb6 23. g4 Rc6 24. Rh3 Rc8 25. c3 Qb6 26. g5 Qxb3 27.
gxf6+ Kxf6 28. Rf1 g5 29. Rg1 Ke7 30. Qxg5+ Kd7 31. Qd2 Qa4 32. Re1 Rb8 33. Qc2
Rb3 34. Kd2 Rcb6 35. Rb1 Qa2 36. Kc1 Qa5 37. Kd2 Qc5 38. Re3 Qe5 39. Re2 a5 40.
Ke1 a4 41. Rd1 a3 42. bxa3 Qxc3+ 43. Qxc3 Rxc3 44. e5 Rxa3 45. Rd4 Ra5 46. e6+
fxe6 47. fxe6+ Ke7 48. Rf4 Re5 49. Rxe5 dxe5 50. Rf7+ Kxe6 51. Rxa7 h6 52. Ra5
Kf5 53. Ra2 Kg4 54. Rg2+ Kh3 55. Re2 Re6 56. Kd2 Kg4 57. Ke3 e4 58. Rf2 1/2-1/2

[Event "II Torneo Hotel Astoria A"]
[Site "Riva del Garda ITA"]
[Date "2004.12.26"]
[Round "1"]
[White "Pagnutti, Lorenzo"]
[Black "Brunello, Sabino"]
[Result "0-1"]
[WhiteElo "2060"]
[BlackElo "2258"]
[PlyCount "144"]
[EventDate "2004.12.26"]

1. e4 e5 2. Nf3 Nc6 3. Bc4 Bc5 4. b4 Bxb4 5. c3 Be7 6. d4 Na5 7. Nxe5 Nxc4 8.
Nxc4 d5 9. exd5 Qxd5 10. Ne3 Qd8 11. O-O Nf6 12. c4 O-O 13. Nc3 c6 14. Rb1 Qa5
15. Qc2 Rd8 16. Rd1 Ng4 17. d5 Nxe3 18. Bxe3 Qc7 19. Qe4 Bf8 20. Qf3 Bd7 21.
Ne4 Qc8 22. h3 b6 23. Bd4 Bf5 24. Rbc1 cxd5 25. cxd5 Qd7 26. Ba1 Re8 27. Ng3
Bg6 28. Rc6 Rac8 29. Rdc1 Bc5 30. Rxc8 Rxc8 31. Rd1 Qa4 32. d6 Rd8 33. Be5 Qc2
34. Qe2 Qxe2 35. Nxe2 f6 36. Bg3 Kf7 37. Nc3 Bf5 38. Nb5 Rd7 39. Nd4 Be4 40.
Nb3 Ba3 41. Rd4 Ba8 42. Ra4 Bb2 43. Rc4 Be5 44. Bxe5 fxe5 45. f4 Ke6 46. fxe5
Kxe5 47. Rh4 g6 48. Nd2 Kxd6 49. Kf2 Rf7+ 50. Kg3 Re7 51. Kf2 Bd5 52. a3 Kc5
53. g3 b5 54. Rb4 Bc4 55. Rb2 Kd4 56. Nf3+ Kc3 57. Rd2 Kb3 58. Nd4+ Kxa3 59.
Nc6 Rc7 60. Rd6 b4 61. Ne5 b3 62. Nf3 a5 63. Nd2 a4 64. Rb6 Bd3 65. Ke3 Bc2 66.
Kd4 Kb2 67. Nc4+ Rxc4+ 68. Kxc4 a3 69. Rb7 a2 70. Rxh7 a1=Q 71. Rh4 Kc1 72. Kd5
b2 0-1

[Event "II Torneo Hotel Astoria A"]
[Site "Riva del Garda ITA"]
[Date "2004.12.26"]
[Round "1"]
[White "Trauth, Michael"]
[Black "Raselli, Claudio"]
[Result "1/2-1/2"]
[WhiteElo "2233"]
[BlackElo "2058"]
[PlyCount "141"]
[EventDate "2004.12.26"]

1. Nf3 Nf6 2. c4 e6 3. g3 d5 4. Bg2 Be7 5. O-O O-O 6. b3 b6 7. Bb2 Bb7 8. e3 c5
9. Nc3 Nc6 10. cxd5 exd5 11. d4 Re8 12. Ne5 cxd4 13. Nxc6 Bxc6 14. Qxd4 Bc5 15.
Qd3 Qd7 16. Rfd1 Rad8 17. Ne2 Bb5 18. Qd2 Bxe2 19. Qxe2 Qf5 20. Bd4 Bxd4 21.
Rxd4 Rc8 22. g4 Qe5 23. Rad1 Red8 24. Qa6 Qe7 25. Bxd5 Nxd5 26. Rxd5 Qc7 27.
Qd3 Rxd5 28. Qxd5 g6 29. g5 Qc5 30. Qxc5 Rxc5 31. h4 Rc2 32. a4 Rb2 33. Rd3 Kf8
34. Kg2 Ke7 35. Kg3 Rb1 36. e4 Rg1+ 37. Kf4 Rh1 38. Kg4 Rg1+ 39. Rg3 Rf1 40. f4
Re1 41. e5 Rb1 42. h5 Ke6 43. h6 Rb2 44. Rd3 Ke7 45. Kf3 Rb1 46. Ke4 Re1+ 47.
Kd5 Rc1 48. Rd4 Rc5+ 49. Ke4 Rc1 50. Rc4 Re1+ 51. Kd5 Kd7 52. b4 Ra1 53. b5
Rd1+ 54. Rd4 Ra1 55. Ke4+ Ke7 56. Rc4 Kd7 57. Kd4 Rf1 58. Kd5 Rd1+ 59. Ke4 Re1+
60. Kf3 Rf1+ 61. Ke2 Ra1 62. Kd2 Ra2+ 63. Kc3 Rf2 64. Rd4+ Ke7 65. Kc4 Rc2+ 66.
Kd3 Ra2 67. Ke4 Ra1 68. Kd5 Kd7 69. Ke4+ Ke7 70. Rc4 Kd7 71. Rd4+ 1/2-1/2

[Event "II Torneo Hotel Astoria A"]
[Site "Riva del Garda ITA"]
[Date "2004.12.27"]
[Round "2"]
[White "Padovani, Alessio"]
[Black "Luciani, Valerio"]
[Result "0-1"]
[WhiteElo "2107"]
[BlackElo "2182"]
[PlyCount "134"]
[EventDate "2004.12.26"]

1. c4 b6 2. Nc3 Bb7 3. d3 e5 4. e4 Nf6 5. Nge2 Bc5 6. h3 c6 7. g3 d5 8. Bg2
dxc4 9. dxc4 Nbd7 10. O-O Qc7 11. a3 Rd8 12. Qc2 O-O 13. Bg5 h6 14. Bd2 Rfe8
15. Nd1 Nf8 16. Be3 Bd4 17. Ndc3 Bxe3 18. fxe3 Qe7 19. b4 Ne6 20. Rfd1 Rxd1+
21. Nxd1 Rd8 22. Nf2 Ne8 23. Rd1 Rxd1+ 24. Qxd1 Qd6 25. Qc1 f6 26. g4 Kf7 27.
Ng3 g6 28. Qc2 N8g7 29. h4 h5 30. gxh5 Nxh5 31. Nxh5 gxh5 32. Nh1 a5 33. Ng3
axb4 34. axb4 Qxb4 35. Qd1 Ng7 36. Nxh5 Bc8 37. Nxg7 Kxg7 38. Qe2 Be6 39. Bf1
Kh6 40. Qf2 Qf8 41. Be2 Qg7+ 42. Kh2 Bd7 43. Qg3 Qxg3+ 44. Kxg3 b5 45. cxb5
cxb5 46. Kf2 b4 47. Ke1 Bc6 48. Bd3 Kh5 49. Kf2 Kxh4 50. Bb1 Kg4 51. Bc2 Bd7
52. Bb3 Bb5 53. Bd1+ Kh3 54. Bb3 Bd3 55. Kf3 Kh4 56. Ba4 Bc4 57. Bc2 Ba2 58.
Bd3 Bb3 59. Bb1 Bd1+ 60. Kf2 b3 61. Ke1 Bc2 62. Bxc2 bxc2 63. Kd2 Kg3 64. Kxc2
Kg2 65. Kc3 Kf1 66. Kd2 Kf2 67. Kd3 Ke1 0-1

[Event "II Torneo Hotel Astoria A"]
[Site "Riva del Garda ITA"]
[Date "2004.12.27"]
[Round "2"]
[White "Popa, Claudiu"]
[Black "Bressanelli, Roberto"]
[Result "1/2-1/2"]
[WhiteElo "2182"]
[BlackElo "2083"]
[PlyCount "58"]
[EventDate "2004.12.26"]

1. e4 e5 2. Nf3 Nc6 3. d4 exd4 4. Nxd4 Nf6 5. Nxc6 bxc6 6. e5 Qe7 7. Qe2 Nd5 8.
c4 Nb6 9. b3 Bb7 10. Bb2 Rg8 11. Nd2 d5 12. exd6 cxd6 13. Qxe7+ Bxe7 14. Bd3 g6
15. O-O-O f5 16. h4 h5 17. f3 c5 18. g3 Kf7 19. Rhg1 Bf6 20. Bxf6 Kxf6 21. g4
Nd7 22. g5+ Kf7 23. f4 Rge8 24. Rge1 Nb6 25. Bf1 Rad8 26. Rxe8 Rxe8 27. Nb1 Re6
28. Bd3 a6 29. Kd2 Be4 1/2-1/2

[Event "II Torneo Hotel Astoria A"]
[Site "Riva del Garda ITA"]
[Date "2004.12.27"]
[Round "3"]
[White "Bressanelli, Roberto"]
[Black "Horn, Peter"]
[Result "1/2-1/2"]
[WhiteElo "2083"]
[BlackElo "2172"]
[PlyCount "133"]
[EventDate "2004.12.26"]

1. e4 d5 2. exd5 Qxd5 3. Nc3 Qa5 4. d4 c6 5. Nf3 Nf6 6. Bc4 Bf5 7. O-O e6 8.
Bd3 Nbd7 9. Ne2 Bxd3 10. Qxd3 Bd6 11. Bf4 Bxf4 12. Nxf4 g5 13. Ne2 g4 14. Nd2
O-O-O 15. Nc4 Qc7 16. Qg3 Nb6 17. Qxc7+ Kxc7 18. Ne5 Rhf8 19. f3 Nbd7 20. Nxg4
Nd5 21. c4 Ne7 22. Ne3 Nf6 23. Rfd1 h5 24. Rac1 a5 25. Nf4 Rd7 26. d5 exd5 27.
cxd5 Ng6 28. Nxg6 fxg6 29. dxc6 Rxd1+ 30. Rxd1 Kxc6 31. Nc4 Kb5 32. Nd6+ Kc6
33. Nc4 Kb5 34. b3 Kb4 35. Rd3 a4 36. Nd6 b5 37. a3+ Kxa3 38. Nxb5+ Kb4 39.
bxa4 Kxa4 40. Nc3+ Kb4 41. Ne2 Kc5 42. Nf4 Rg8 43. Ne6+ Kc6 44. Kf2 Nd5 45. h4
Re8 46. Rxd5 Rxe6 47. Rd3 Re5 48. Kg3 Rf5 49. Kh3 Kc7 50. g4 hxg4+ 51. Kxg4 Re5
52. f4 Rf5 53. Re3 Kd7 54. Re5 Rf8 55. Kg5 Kd6 56. Ra5 Rh8 57. Ra6+ Ke7 58.
Rxg6 Ra8 59. f5 Ra1 60. Re6+ Kf7 61. Re4 Ra8 62. Re6 Ra1 63. Re4 Ra8 64. Rb4
Rg8+ 65. Kf4 Rg1 66. Ke5 Re1+ 67. Re4 1/2-1/2

[Event "II Torneo Hotel Astoria A"]
[Site "Riva del Garda ITA"]
[Date "2004.12.27"]
[Round "3"]
[White "Luciani, Valerio"]
[Black "Cappai, Davide"]
[Result "1-0"]
[WhiteElo "2182"]
[BlackElo "2120"]
[PlyCount "69"]
[EventDate "2004.12.26"]

1. d4 d5 2. c4 e6 3. Nc3 Nf6 4. cxd5 exd5 5. Bg5 Be7 6. e3 c6 7. Qc2 O-O 8. Bd3
Nbd7 9. Nge2 Re8 10. O-O Nf8 11. f3 Qa5 12. Rad1 h6 13. Bh4 Ng4 14. Bf2 Nxf2
15. Kxf2 Bf6 16. Bf5 Ne6 17. Kg1 g6 18. Bh3 Bg7 19. Kh1 Nf8 20. Bxc8 Raxc8 21.
e4 dxe4 22. fxe4 Rcd8 23. Qb3 Qc7 24. e5 Ne6 25. Ne4 Nxd4 26. Nxd4 Rxe5 27. Nc3
Rxd4 28. Rxd4 Rh5 29. Rdf4 Be5 30. Qxf7+ Qxf7 31. Rxf7 Rxh2+ 32. Kg1 h5 33.
Rf8+ Kg7 34. R1f7+ Kh6 35. Re8 1-0

[Event "II Torneo Hotel Astoria A"]
[Site "Riva del Garda ITA"]
[Date "2004.12.27"]
[Round "3"]
[White "Pojer, Romeo"]
[Black "Popa, Claudiu"]
[Result "1-0"]
[WhiteElo "2127"]
[BlackElo "2182"]
[PlyCount "79"]
[EventDate "2004.12.26"]

1. e4 e5 2. Nf3 Nc6 3. Bc4 Nf6 4. Nc3 Nxe4 5. Nxe4 d5 6. Bd3 dxe4 7. Bxe4 Bd6
8. O-O O-O 9. c3 f5 10. Bd5+ Kh8 11. d3 h6 12. Re1 Ne7 13. Bb3 Ng6 14. Ng5 Qf6
15. Qh5 Bd7 16. d4 e4 17. Nh3 Ne7 18. Bd2 Be8 19. Qe2 Qh4 20. c4 c5 21. dxc5
Bc7 22. Qf1 Nc6 23. Bd1 Be5 24. Rb1 f4 25. Bc2 Bd7 26. Bxe4 Bxh3 27. Bxc6 Bd4
28. Bxb7 Rab8 29. Bf3 Bf5 30. Be4 f3 31. g3 Qf6 32. b4 h5 33. Rb3 Bg4 34. h3
Qe5 35. Kh2 h4 36. hxg4 hxg3+ 37. fxg3 f2 38. Qh3+ Kg8 39. Bh7+ Kf7 40. Rf3+
1-0

[Event "II Torneo Hotel Astoria A"]
[Site "Riva del Garda ITA"]
[Date "2004.12.27"]
[Round "3"]
[White "Trauth, Michael"]
[Black "Picco, Ruggero"]
[Result "1-0"]
[WhiteElo "2233"]
[BlackElo "2022"]
[PlyCount "109"]
[EventDate "2004.12.26"]

1. Nf3 Nf6 2. c4 c6 3. g3 g6 4. Bg2 Bg7 5. O-O O-O 6. b3 d5 7. Bb2 Nbd7 8. d3
Qc7 9. Qc2 dxc4 10. bxc4 e5 11. Nc3 Re8 12. Nd2 Nc5 13. Rab1 Bf5 14. Ba3 Bf8
15. Nb3 Nxd3 16. Bxf8 Nb4 17. Qxf5 gxf5 18. Bxb4 Rad8 19. c5 e4 20. e3 Nd5 21.
Nxd5 Rxd5 22. Nd4 b6 23. Rfc1 bxc5 24. Bxc5 Qa5 25. Nxc6 Qxc5 26. Rxc5 Rxc5 27.
Nxa7 Ra8 28. Nb5 Rxa2 29. Nd4 Kg7 30. h4 Kg6 31. Bh3 h5 32. Kg2 Ra6 33. Rb5
Rxb5 34. Nxb5 Ra5 35. Nd4 Rc5 36. Kg1 Rc1+ 37. Bf1 Ra1 38. Kg2 Rc1 39. Ne2 Ra1
40. Nf4+ Kh6 41. Be2 Re1 42. Bxh5 Kg7 43. Be2 Kf6 44. Bc4 Rc1 45. Bd5 Rd1 46.
h5 Rb1 47. g4 fxg4 48. Bxe4 Rc1 49. h6 Kg5 50. h7 Rc8 51. Ne2 f5 52. Bd5 Kh6
53. Be6 Rf8 54. Bxf5 Kg7 55. e4 1-0

[Event "II Torneo Hotel Astoria A"]
[Site "Riva del Garda ITA"]
[Date "2004.12.27"]
[Round "3"]
[White "Vecchia, Mario"]
[Black "Braschi, Giancarlo"]
[Result "0-1"]
[WhiteElo "2073"]
[BlackElo "2172"]
[PlyCount "92"]
[EventDate "2004.12.26"]

1. e4 c5 2. Nf3 Nc6 3. c3 Nf6 4. e5 Nd5 5. d4 cxd4 6. Bc4 Nb6 7. Bb3 g6 8. cxd4
Bg7 9. Nc3 O-O 10. O-O d6 11. Bf4 Bg4 12. exd6 Nxd4 13. Nd5 exd6 14. Rc1 Re8
15. Be3 Nxf3+ 16. gxf3 Bh3 17. Re1 Nxd5 18. Qxd5 Qd7 19. Bf4 Bxb2 20. Rcd1
Rxe1+ 21. Rxe1 Be6 22. Qd2 Be5 23. Bxe5 dxe5 24. Qxd7 Bxd7 25. Rxe5 Re8 26. Rc5
Bh3 27. Rc1 g5 28. Bd5 Re7 29. Rb1 b5 30. Be4 Rc7 31. Bd3 b4 32. Bf1 Bxf1 33.
Kxf1 a5 34. Rb2 Rc3 35. Kg2 Kg7 36. Rd2 Kg6 37. Rd5 Ra3 38. Rd2 f6 39. Re2 Kf5
40. h3 Rc3 41. Rd2 Ra3 42. Re2 h5 43. Rc2 Ke5 44. Rd2 h4 45. Re2+ Kd4 46. Re4+
Kd3 0-1

[Event "II Torneo Hotel Astoria A"]
[Site "Riva del Garda ITA"]
[Date "2004.12.28"]
[Round "4"]
[White "Bengsch, Bertram"]
[Black "Bove, Alessandro"]
[Result "1-0"]
[WhiteElo "2054"]
[BlackElo "2142"]
[PlyCount "85"]
[EventDate "2004.12.26"]

1. e4 g6 2. d4 Bg7 3. Nc3 d6 4. Be3 a6 5. Qd2 b5 6. h4 h5 7. a3 Nd7 8. O-O-O
Rb8 9. f4 Ngf6 10. Be2 Nb6 11. b3 d5 12. e5 Ng4 13. Nh3 Bf5 14. Bd3 e6 15. Nf2
Nxe3 16. Qxe3 Bf8 17. Nb1 b4 18. a4 Qc8 19. g4 hxg4 20. Qe2 Bxd3 21. Rxd3 c5
22. dxc5 Bxc5 23. Nxg4 Be7 24. Nf6+ Bxf6 25. exf6 Qd8 26. f5 gxf5 27. h5 Qxf6
28. Rg3 Nd7 29. Qxa6 Ke7 30. Qe2 Qe5 31. Re3 Qf4 32. Nd2 Nf6 33. Rf1 Qg5 34.
Nf3 Qxh5 35. Qa6 Rhc8 36. Nd4 f4 37. Rxf4 Qh1+ 38. Kb2 Qh2 39. Rxe6+ fxe6 40.
Qxe6+ Kd8 41. Rxf6 Rc3 42. Rf8+ Kc7 43. Rf7+ 1-0

[Event "II Torneo Hotel Astoria A"]
[Site "Riva del Garda ITA"]
[Date "2004.12.28"]
[Round "4"]
[White "Braschi, Giancarlo"]
[Black "Luciani, Valerio"]
[Result "0-1"]
[WhiteElo "2172"]
[BlackElo "2182"]
[PlyCount "90"]
[EventDate "2004.12.26"]

1. d4 f5 2. g3 Nf6 3. Bg2 g6 4. Nh3 Bg7 5. c4 d6 6. d5 O-O 7. Nf4 Na6 8. Nc3 e5
9. dxe6 c6 10. O-O Qe7 11. b3 Bxe6 12. Nxe6 Qxe6 13. Bb2 Rad8 14. Qc2 Nc7 15.
Rfe1 d5 16. cxd5 Ncxd5 17. Nxd5 Nxd5 18. Bxg7 Kxg7 19. e4 fxe4 20. Rxe4 Qf6 21.
Rae1 Rf7 22. a3 Qc3 23. R4e2 Qxc2 24. Rxc2 Rdd7 25. b4 Nc7 26. Be4 Rd4 27. f3
Nb5 28. Ra2 Nc3 29. Rc2 Nxe4 30. fxe4 Rf3 31. e5 a6 32. e6 Kf8 33. Kg2 Rf6 34.
a4 Rd5 35. Re4 Ke7 36. Rce2 Rd6 37. Rh4 h5 38. g4 Rd4 39. Kg3 Rd3+ 40. Kg2 Rf4
41. b5 axb5 42. axb5 cxb5 43. Re5 b4 44. Rb5 b3 45. Rb6 Rc4 0-1

[Event "II Torneo Hotel Astoria A"]
[Site "Riva del Garda ITA"]
[Date "2004.12.28"]
[Round "4"]
[White "Brunello, Sabino"]
[Black "Pojer, Romeo"]
[Result "1-0"]
[WhiteElo "2258"]
[BlackElo "2127"]
[PlyCount "55"]
[EventDate "2004.12.26"]

1. e4 d6 2. d4 Nf6 3. Nc3 g6 4. f3 Bg7 5. Be3 c6 6. Qd2 b5 7. O-O-O b4 8. Nce2
a5 9. Bh6 Bxh6 10. Qxh6 Qc7 11. g4 Nbd7 12. g5 Nh5 13. Ng3 Nf4 14. N1e2 d5 15.
e5 Ne6 16. Bh3 Nb6 17. f4 c5 18. f5 gxf5 19. Nxf5 cxd4 20. Ng7+ Nxg7 21. Qxg7
Bxh3 22. Qxh8+ Kd7 23. Qxh7 Bg2 24. Qf5+ Ke8 25. g6 Be4 26. Qxf7+ Kd8 27. Nxd4
Bxg6 28. Qxg6 1-0

[Event "II Torneo Hotel Astoria A"]
[Site "Riva del Garda ITA"]
[Date "2004.12.28"]
[Round "4"]
[White "Dallaglio, Giovanni"]
[Black "Bevilacqua, Maurizio"]
[Result "0-1"]
[WhiteElo "2051"]
[BlackElo "2165"]
[PlyCount "58"]
[EventDate "2004.12.26"]

1. d4 Nf6 2. Nf3 e6 3. c4 b6 4. a3 Bb7 5. Nc3 g6 6. d5 Bg7 7. e4 d6 8. Bd3 e5
9. O-O Nbd7 10. b4 a5 11. Bb2 O-O 12. Qc2 h6 13. h3 Nh5 14. g3 Bc8 15. Ne2 Ndf6
16. g4 Nxg4 17. hxg4 Bxg4 18. Ne1 axb4 19. axb4 Rxa1 20. Bxa1 Qg5 21. Ng3 f5
22. exf5 gxf5 23. Ng2 Bh3 24. Qe2 Nf4 25. Nxf4 exf4 26. Bxg7 Qxg7 27. Qe6+ Kh8
28. Kh2 Bxf1 29. Nxf1 Rg8 0-1

[Event "II Torneo Hotel Astoria A"]
[Site "Riva del Garda ITA"]
[Date "2004.12.28"]
[Round "4"]
[White "Giancotti, Eraldo"]
[Black "Cramerotti, Renzo"]
[Result "1-0"]
[WhiteElo "2093"]
[BlackElo "1708"]
[PlyCount "65"]
[EventDate "2004.12.26"]

1. d4 Nf6 2. c4 g6 3. Nc3 d5 4. cxd5 Nxd5 5. e4 Nxc3 6. bxc3 Bg7 7. Bc4 c5 8.
Ne2 O-O 9. Be3 Nc6 10. h4 Qc7 11. Rc1 Rd8 12. h5 Ne5 13. Bb3 Qa5 14. hxg6 hxg6
15. Kf1 c4 16. Bc2 Ng4 17. Bd2 f5 18. f3 Nf6 19. Nf4 Kf7 20. Qe2 Qa6 21. Re1
fxe4 22. Bxe4 Nxe4 23. Qxe4 e5 24. dxe5 Rxd2 25. e6+ Kg8 26. Qxg6 Bxe6 27. Nxe6
Rd7 28. Rh7 Qxe6 29. Qxe6+ Rf7 30. Rd1 Raf8 31. Rd7 b5 32. Rh4 Bd4 33. Rhxd4
1-0

[Event "II Torneo Hotel Astoria A"]
[Site "Riva del Garda ITA"]
[Date "2004.12.28"]
[Round "4"]
[White "Horn, Peter"]
[Black "Vecchia, Mario"]
[Result "1/2-1/2"]
[WhiteElo "2172"]
[BlackElo "2073"]
[PlyCount "43"]
[EventDate "2004.12.26"]

1. Nf3 c5 2. c3 Nf6 3. d4 cxd4 4. cxd4 d5 5. Nc3 Nc6 6. Bf4 Bf5 7. e3 e6 8. Bb5
Bd6 9. Qa4 O-O 10. Bxc6 bxc6 11. Bxd6 Qxd6 12. O-O Rfb8 13. Ne5 Rxb2 14. Qxc6
Qxc6 15. Nxc6 Kf8 16. Rfc1 Ne4 17. Nxe4 Bxe4 18. f3 Bg6 19. a4 Rc2 20. Rxc2
Bxc2 21. a5 Bd3 22. Ne5 1/2-1/2

[Event "II Torneo Hotel Astoria A"]
[Site "Riva del Garda ITA"]
[Date "2004.12.28"]
[Round "4"]
[White "Mosna, Stefano"]
[Black "Picco, Ruggero"]
[Result "0-1"]
[WhiteElo "2148"]
[BlackElo "2022"]
[PlyCount "69"]
[EventDate "2004.12.26"]

1. e4 e5 2. Nf3 Nc6 3. Bb5 f5 4. Nc3 fxe4 5. Nxe4 d5 6. Nxe5 dxe4 7. Nxc6 Qg5
8. Qe2 Nf6 9. Nxa7+ Kd8 10. Nxc8 Qxg2 11. Qf1 Qf3 12. Be2 Qf5 13. d4 Kxc8 14.
Qg2 Qd5 15. O-O Bd6 16. Be3 Rxa2 17. c4 Qa5 18. Rxa2 Qxa2 19. Bg4+ Kb8 20. Be6
Re8 21. Bf7 Rf8 22. Qxg7 Ng4 23. Bf4 Qa6 24. h3 Nh2 25. Bxh2 Bxh2+ 26. Kxh2
Qd6+ 27. Qg3 Rxf7 28. Qxd6 cxd6 29. Kg3 Rf3+ 30. Kg4 h5+ 31. Kxh5 Rxh3+ 32. Kg4
Rf3 33. b4 Rd3 34. d5 Rd4 35. Kf4 0-1

[Event "II Torneo Hotel Astoria A"]
[Site "Riva del Garda ITA"]
[Date "2004.12.28"]
[Round "4"]
[White "Pantaleoni, Claudio"]
[Black "Bressanelli, Roberto"]
[Result "1-0"]
[WhiteElo "2220"]
[BlackElo "2083"]
[PlyCount "63"]
[EventDate "2004.12.26"]

1. Nf3 Nf6 2. c4 c5 3. Nc3 d5 4. cxd5 Nxd5 5. d4 Nxc3 6. bxc3 g6 7. e3 Bg7 8.
Bb5+ Nd7 9. O-O O-O 10. a4 Nf6 11. Ba3 Ne4 12. Qc2 f5 13. Nd2 Nxd2 14. Qxd2 b6
15. Rac1 Be6 16. Qe2 Rc8 17. Rfd1 c4 18. f3 h5 19. d5 Bf7 20. Ba6 Rc7 21. d6
exd6 22. Bxd6 Rd7 23. Bxf8 Kxf8 24. Bb5 Rxd1+ 25. Rxd1 Qc7 26. Rd7 Qc5 27. Rd8+
Ke7 28. Qd2 Be6 29. Re8+ Kf7 30. Ra8 Bc8 31. Rxa7+ Kg8 32. Qd8+ 1-0

[Event "II Torneo Hotel Astoria A"]
[Site "Riva del Garda ITA"]
[Date "2004.12.28"]
[Round "4"]
[White "Piantoni, Roberto"]
[Black "Braghetta, Sergio"]
[Result "1-0"]
[WhiteElo "2133"]
[BlackElo "2268"]
[PlyCount "111"]
[EventDate "2004.12.26"]

1. d4 Nf6 2. Nf3 g6 3. Bf4 Bg7 4. e3 O-O 5. Be2 c5 6. c3 b6 7. O-O d6 8. h3 Bb7
9. Nbd2 Nbd7 10. Bh2 a6 11. a4 Qc7 12. Qb1 Rac8 13. Rd1 cxd4 14. Nxd4 e5 15.
N4f3 Nc5 16. Qa2 Nfe4 17. Nxe4 Nxe4 18. Nd2 Nf6 19. c4 a5 20. Nb1 Ne4 21. f3
Nc5 22. Nc3 Bc6 23. Kh1 Na6 24. Qb3 Kh8 25. Rd2 Bh6 26. Rad1 Nc5 27. Qa3 Rfe8
28. Bg1 Rcd8 29. b4 axb4 30. Qxb4 f5 31. Rb2 Rb8 32. Rdb1 e4 33. fxe4 Bxe4 34.
Nxe4 fxe4 35. a5 bxa5 36. Qxb8 Rxb8 37. Rxb8+ Kg7 38. Bg4 Bg5 39. Rc8 Qa7 40.
Rbb8 a4 41. Bh2 Be7 42. Rg8+ Kf7 43. Rh8 h5 44. Rh7+ Kf6 45. Rf8+ Bxf8 46. Rxa7
hxg4 47. hxg4 Ke6 48. g5 Be7 49. Bf4 Bd8 50. Rg7 Be7 51. Rxg6+ Kd7 52. Rg8 Bd8
53. Bxd6 Ne6 54. Ba3 Bxg5 55. Ra8 Bxe3 56. Rxa4 1-0

[Event "II Torneo Hotel Astoria A"]
[Site "Riva del Garda ITA"]
[Date "2004.12.28"]
[Round "4"]
[White "Popa, Claudiu"]
[Black "Pagnutti, Lorenzo"]
[Result "1-0"]
[WhiteElo "2182"]
[BlackElo "2060"]
[PlyCount "111"]
[EventDate "2004.12.26"]

1. e4 e5 2. Nf3 Nc6 3. d4 exd4 4. Nxd4 Bc5 5. Nxc6 Qf6 6. Qd2 bxc6 7. Nc3 Ne7
8. Na4 Bb6 9. Nxb6 cxb6 10. Bd3 O-O 11. O-O d5 12. Re1 d4 13. e5 Qe6 14. Be4
Rd8 15. Qd3 h6 16. f4 Rb8 17. Qf3 c5 18. h3 Qd7 19. g4 Bb7 20. f5 Bxe4 21. Qxe4
Qd5 22. e6 fxe6 23. Qxe6+ Qxe6 24. fxe6 Re8 25. Bf4 Rbc8 26. Re4 Nd5 27. Bd2
Re7 28. g5 Rce8 29. Rae1 Nc7 30. gxh6 Rxe6 31. Rxe6 Rxe6 32. Rxe6 Nxe6 33. Kg2
gxh6 34. Bxh6 Kh7 35. Bd2 Kg6 36. Kf3 Kf5 37. h4 Ng7 38. Bf4 c4 39. Bb8 b5 40.
Bxa7 Ke5 41. Bb8+ Kd5 42. Bf4 d3 43. cxd3 cxd3 44. Bd2 Nh5 45. Bc3 Kc4 46. Be5
Kd5 47. Bc3 Kc4 48. Ke3 Ng3 49. Kf3 Nh5 50. Kg4 b4 51. Bd2 Nf6+ 52. Kf5 Nh5 53.
b3+ Kd4 54. Bxb4 Ng3+ 55. Kg6 Ne4 56. Be1 1-0

[Event "II Torneo Hotel Astoria A"]
[Site "Riva del Garda ITA"]
[Date "2004.12.28"]
[Round "4"]
[White "Vaccari, Sergio"]
[Black "Dalponte, Dino"]
[Result "1-0"]
[WhiteElo "1906"]
[BlackElo "2096"]
[PlyCount "81"]
[EventDate "2004.12.26"]

1. e4 d6 2. d4 c6 3. Nf3 Nf6 4. Bd3 Bg4 5. h3 Bh5 6. O-O Nbd7 7. Nbd2 Qc7 8.
Re1 e5 9. c3 Be7 10. Nf1 Qb6 11. g4 Bg6 12. Ng3 h5 13. g5 Nh7 14. Nf5 Rg8 15.
Nxe7 Kxe7 16. Nh4 exd4 17. Nf5+ Bxf5 18. exf5+ Kd8 19. Qxh5 Ne5 20. Qxh7 Kc7
21. Be4 Rae8 22. Bf4 Qxb2 23. cxd4 Qxd4 24. Bxe5 Qxe5 25. Qh5 g6 26. fxg6 f5
27. Bg2 Qc3 28. Qd1 Re5 29. Rxe5 dxe5 30. Qe1 Qc5 31. Qe3 Qa5 32. h4 Rxg6 33.
Rd1 Rg8 34. Qd3 e4 35. Qd7+ Kb8 36. Qd6+ Qc7 37. g6 Qxd6 38. Rxd6 Kc7 39. Rf6
Kd7 40. h5 c5 41. Bf1 1-0

[Event "II Torneo Hotel Astoria A"]
[Site "Riva del Garda ITA"]
[Date "2004.12.28"]
[Round "5"]
[White "Bengsch, Bertram"]
[Black "Braschi, Giancarlo"]
[Result "0-1"]
[WhiteElo "2054"]
[BlackElo "2172"]
[PlyCount "70"]
[EventDate "2004.12.26"]

1. e4 c5 2. Nf3 Nc6 3. d4 cxd4 4. Nxd4 Nf6 5. Nc3 e5 6. Ndb5 d6 7. Bg5 a6 8.
Na3 b5 9. Nd5 Be7 10. Bxf6 Bxf6 11. c3 Bb7 12. Nc2 Nb8 13. a4 bxa4 14. Rxa4 Nd7
15. Rb4 Nc5 16. Rxb7 Nxb7 17. Ncb4 Nc5 18. Nxa6 O-O 19. Nac7 Ra7 20. Nb5 Rb7
21. b4 Ne6 22. Nxd6 Rd7 23. Nf5 Qa8 24. Nxf6+ gxf6 25. Qxd7 Qa1+ 26. Qd1 Qxc3+
27. Qd2 Qa1+ 28. Qd1 Qc3+ 29. Qd2 Qa1+ 30. Ke2 Rc8 31. Kf3 Rd8 32. Qc2 Qa3+ 33.
Kg4 h5+ 34. Kxh5 Nf4+ 35. Kg4 Kh7 0-1

[Event "II Torneo Hotel Astoria A"]
[Site "Riva del Garda ITA"]
[Date "2004.12.28"]
[Round "5"]
[White "Braghetta, Sergio"]
[Black "Vaccari, Sergio"]
[Result "1-0"]
[WhiteElo "2268"]
[BlackElo "1906"]
[PlyCount "83"]
[EventDate "2004.12.26"]

1. e4 e5 2. Nf3 Nc6 3. Bb5 a6 4. Ba4 d6 5. O-O Bd7 6. c3 g6 7. d4 Bg7 8. Be3
Nge7 9. Nbd2 O-O 10. Re1 h6 11. dxe5 dxe5 12. Bc2 b6 13. b4 Be6 14. Bb3 Qc8 15.
Nc4 Rd8 16. Qc2 b5 17. Ncd2 g5 18. Bxe6 Qxe6 19. Nb3 Ng6 20. Nc5 Qc8 21. a4 Bf8
22. g3 Bxc5 23. Bxc5 Qe6 24. Nd2 Nce7 25. Nf1 f5 26. exf5 Qxf5 27. Qa2+ Qf7 28.
Bxe7 Nxe7 29. Rxe5 Qxa2 30. Rxa2 Nd5 31. axb5 Nxc3 32. Rxa6 Rxa6 33. bxa6 Ra8
34. Re6 Nd5 35. b5 Nc3 36. b6 cxb6 37. Rxb6 Kf7 38. Ne3 h5 39. h3 Na4 40. Rc6
Ra7 41. Nf5 Kf8 42. Nd6 1-0